| 000 | 00555nam a2200181 a 4500 | ||
|---|---|---|---|
| 005 | 20240921063859.0 | ||
| 008 | 991125s1969 ag 000 0 spa u | ||
| 035 | _aUPN01000049664 | ||
| 049 | _aCG | ||
| 050 | 4 |
_aLB775 F76 _bF7.68 |
|
| 100 | 1 |
_aFreinet, Célestin, _d1896-1966 |
|
| 245 | 1 | 3 |
_aLa psicología sensitiva y la educación / _cC. Freinet ; tr. J. D. Bourillons. |
| 260 |
_aBuenos Aires : _bTroquel, _c1969. |
||
| 300 | _a219 p. | ||
| 650 | 2 |
_aFreinet, Método de educación de _94101 |
|
| 650 | 4 |
_aPsicología educativa _95197 |
|
| 905 | _aLibro | ||
| 999 |
_c49664 _d49664 |
||